HIGHER ENGINEERING MATHEMATICS (Record no. 216576)

MARC details
000 -LEADER
fixed length control field 00448nam a22001697a 4500
008 - FIXED-LENGTH DATA ELEMENTS--GENERAL INFORMATION
fixed length control field 260212b |||||||| |||| 00| 0 eng d
020 ## - INTERNATIONAL STANDARD BOOK NUMBER
International Standard Book Number 978-81-93328-49-1
100 ## - MAIN ENTRY--PERSONAL NAME
Personal name GREWAL B.S.
245 ## - TITLE STATEMENT
Title HIGHER ENGINEERING MATHEMATICS
250 ## - EDITION STATEMENT
Edition statement 45TH ED.
260 ## - PUBLICATION, DISTRIBUTION, ETC.
Place of publication, distribution, etc. NEW DELHI
Name of publisher, distributor, etc. KHANNA PUBLISHERS
Date of publication, distribution, etc. 1979
300 ## - PHYSICAL DESCRIPTION
Extent IX,1462P.
500 ## - GENERAL NOTE
General note INCLUDES AN INDEX
650 ## - SUBJECT ADDED ENTRY
Topical term or geographic name entry element ENGINEERING MATHEMATICS
942 ## - ADDED ENTRY ELEMENTS (KOHA)
Source of classification or shelving scheme Library of Congress Classification
Koha item type Long Loan Book
Holdings
Withdrawn status Lost status Source of classification or shelving scheme Damaged status Not for loan Collection Home library Current library Shelving location Date acquired Inventory number Total checkouts Full call number Barcode Date last seen Copy number Price effective from Koha item type
    Library of Congress Classification     Science & Technology Kisii University Library Kisii University Library On Display 02/12/2026 111705   TA 330 .G74 2024 50580 02/12/2026 C.1 02/12/2026 Long Loan Book
    Library of Congress Classification     Science & Technology Kisii University Library Kisii University Library On Display 02/12/2026 111706   TA 330 .G74 2024 51662 02/12/2026 C.2 02/12/2026 Long Loan Book
    Library of Congress Classification     Science & Technology Kisii University Library Kisii University Library On Display 02/12/2026 111707   TA 330 .G74 2024 51664 02/12/2026 C.3 02/12/2026 Long Loan Book